Представление документа в формате RUSMARC

ПолеНазваниеЗначение
  Тип записи a
  Библиографический уровень m
001 Контрольный номер b4bc749ed80640d6bd7c34338419d840
005 Дата корректировки 20140701150526.8
010 Индекс ISBN __
a ISBN 5-93295-009-9
200 Заглавие и сведения об ответственности 1_
a Заглавие Новые направления судебно-психологической экспертизы
e Сведения, относящиеся к заглавию [Справ.пособие]
f Первые сведения об ответственности Ольга Давидовна Ситковская, Л. П. Конышева, М. М. Коченов
210 Выходные данные 1_
a Место издания М.
c Издательство Юрлитинформ
d Дата издания 2000
215 Физическое описание __
a Объем 154 с.
225 Серия 2_
a Серия Б-ка криминалиста
610 Ключевые слова 0_
a Ключевые слова судебная экспертиза
610 Ключевые слова 0_
a Ключевые слова судебно-психологическая экспертиза
686 Индексы других классификаций __
a Классификационный индекс 67.629.341.3
2 Код системы rubbk
700 Автор _1
a Фамилия Ситковская
g Полное личное имя Ольга Давидовна
701 Альтернативная интеллектуальная ответственность _1
a Фамилия Конышева
b Имя Л. П.
701 Альтернативная интеллектуальная ответственность _1
a Фамилия Коченов
b Имя М. М.
801 Источник записи _0
a Страна RU
b Организация РУК
c Дата составления 20010424
g Правила каталогизации PSBO
801 Источник записи _1
a Страна RU
b Организация РУК
c Дата составления 20010424
g Правила каталогизации PSBO
852 Данные о местонахождении __
i Авторский знак С41
j Шифр хранения ББК 67
901 Тип документа __
t Тип документа m
938 Служебная информация __
a Название организации Головной вуз
b Имя БД BOOK
c Название АИБС АИБС ИРБИС